00669nam a2200193Ia 4500008004100000020001500041082001800056100002100074245009800095250000700193260004300200300002900243500001900272600002700291650001500318942000700333952012000340999001500460240925s9999 xx 000 0 und d a1932813748 a621.38456 HAR aHarte , Lawrence 0aIntroduction To 802.16 WiMax: wireless broadb and technology ,market, operation and services  aNA aUnited States:bAlthos Pub.Incc,2006. axxx,513p.bNafPhotocopy aIncludes Index aElectrical Engineering aTechnology cBK 001040708ELaUITUbUITUd2007-04-30eS.B.Bg150.00l0o621.38456 HARpQ7038r2024-09-25 07:14:27w2024-09-25yBK c9537d9537